[Event "Budapest FS10 IM"]
[Site "Budapest"]
[Date "2023.10.14"]
[Round "7"]
[White "Issa, Rafat"]
[Black "Bashirov, Kemal"]
[Result "1/2-1/2"]
[WhiteElo "2316"]
[BlackElo "2384"]
[PlyCount "143"]
[EventDate "2023.10.07"]
[EventType "tourn"]
[EventRounds "9"]
[EventCountry "HUN"]
[EventCategory "2"]
[SourceTitle "Mega2024 Update 01"]
[Source "Chessbase"]
[SourceDate "2023.11.12"]
[SourceVersion "1"]
[SourceVersionDate "2023.11.12"]
[SourceQuality "1"]

1. e4 c5 2. Nf3 d6 3. c3 Nf6 4. h3 Nc6 5. Bd3 g5 6. Bc2 g4 7. hxg4 Bxg4 8. d3 h5 9. Nbd2 Qc7 10. Nc4 0-0-0 11. Bg5 Nd7 12. Ne3 Rg8 13. Bh4 Nde5 14. Nxg4 Nxg4 15. Bb3 Nge5 16. Nxe5 Nxe5 17. Bg3 e6 18. Rxh5 Bg7 19. d4 Nd7 20. dxc5 Nxc5 21. Bc2 Qb6 22. Rb1 Bf6 23. Qf3 Nd7 24. a4 Be5 25. Bh4 f6 26. g3 Rde8 27. Kf1 Qc6 28. Kg2 Nb6 29. Bb3 Nxa4 30. Ra1 Nxb2 31. Rxa7 Kb8 32. Ra2 Qxc3 33. Qxc3 Bxc3 34. Rb5 Nd3 35. Bc4 Nf4+ 36. Kh2 Ng6 37. Kh3 Nxh4 38. Kxh4 Re7 39. Rh5 Rc8 40. Bb3 Bd4 41. Kh3 Rc3 42. Bd1 Rc5 43. Rh8+ Kc7 44. Rf8 f5 45. exf5 Rxf5 46. Rc2+ Bc5 47. Rxf5 exf5 48. Be2 Kc6 49. Bd3 Rf7 50. Rb2 d5 51. Kh4 Rh7+ 52. Kg5 Rh2 53. Bb5+ Kd6 54. Bd3 b6 55. Bxf5 Rxf2 56. Rb3 Ke5 57. g4 Kd4 58. Kf6 Kc4 59. Rb1 Bd4+ 60. Ke6 Be3 61. Kd6 Bc5+ 62. Kc6 d4 63. Rc1+ Kb3 64. Kd5 Rxf5+ 65. gxf5 d3 66. f6 d2 67. Rd1 Kc2 68. Rxd2+ Kxd2 69. Kc6 Kc3 70. f7 Kb4 71. f8Q Bxf8 72. Kxb6 1/2-1/2

[Event "Budapest FS10 IM"]
[Site "Budapest"]
[Date "2023.10.07"]
[Round "1"]
[White "Balint, Vilmos"]
[Black "Issa, Rafat"]
[Result "0-1"]
[WhiteElo "2183"]
[BlackElo "2316"]
[PlyCount "92"]
[EventDate "2023.10.07"]
[EventType "tourn"]
[EventRounds "9"]
[EventCountry "HUN"]
[EventCategory "2"]
[SourceTitle "Mega2024 Update 01"]
[Source "Chessbase"]
[SourceDate "2023.11.12"]
[SourceVersion "1"]
[SourceVersionDate "2023.11.12"]
[SourceQuality "1"]

1. d4 d6 2. e4 Nf6 3. Nc3 g6 4. Be3 Bg7 5. Qd2 Ng4 6. Bg5 h6 7. Bh4 g5 8. Bg3 e5 9. d5 h5 10. h3 Nf6 11. Qxg5 Bh6 12. Qh4 Rg8 13. f4 Nbd7 14. Nf3 Qe7 15. fxe5 Nxe5 16. Bb5+ Bd7 17. Bxe5 dxe5 18. Bxd7+ Kxd7 19. 0-0 Bf4 20. d6 cxd6 21. Ne2 Be3+ 22. Kh1 Rg6 23. Rad1 Rag8 24. Rd3 Bc5 25. Ne1 Ng4 26. Qxh5 Ne3 27. Rf2 Ke8 28. Qf3 Ng4 29. hxg4 Rh8+ 30. Kg1 Rf6 31. Ng3 Rxf3 32. Nxf3 Qe6 33. Nf5 Qxa2 34. Ne3 Qb1+ 35. Rd1 Qxb2 36. Re2 Ke7 37. Kf2 a5 38. Kg3 Bxe3 39. Rxe3 Qxc2 40. Red3 Rh6 41. Nh4 Rxh4 42. Kxh4 Qc6 43. Rd5 a4 44. Rb1 a3 45. Ra1 Qc3 46. Ra2 Qb3 0-1

[Event "Budapest Vezerkepzo Summer IM"]
[Site "Budapest"]
[Date "2023.07.14"]
[Round "4"]
[White "Matyassy, Lazar"]
[Black "Issa, Rafat"]
[Result "1-0"]
[WhiteElo "2267"]
[BlackElo "2329"]
[PlyCount "77"]
[EventDate "2023.07.11"]
[EventType "tourn"]
[EventRounds "9"]
[EventCountry "HUN"]
[SourceTitle "CBM 215 Extra"]
[Source "ChessBase"]
[SourceDate "2023.09.30"]
[SourceVersion "1"]
[SourceVersionDate "2023.09.30"]
[SourceQuality "1"]

1. d4 Nf6 2. Nf3 d6 3. Nc3 g6 4. e4 Bg7 5. Be2 0-0 6. 0-0 a6 7. Re1 b5 8. e5 Ne8 9. a4 b4 10. Nd5 a5 11. Bg5 f6 12. Nxe7+ Kh8 13. exf6 Bxf6 14. Bxf6+ Nxf6 15. Nxc8 Qxc8 16. Qd2 Nc6 17. Bb5 Nd8 18. Re2 c6 19. Bd3 Ra7 20. Rae1 Nf7 21. Ng5 Nxg5 22. Qxg5 Kg7 23. Re7+ Rf7 24. Rxf7+ Kxf7 25. h3 d5 26. f4 Re7 27. Rxe7+ Kxe7 28. f5 gxf5 29. Bxf5 Qf8 30. Bxh7 Kd7 31. Bd3 c5 32. Bb5+ Ke6 33. Qe5+ Kf7 34. Qc7+ Kg6 35. Qxc5 Qh6 36. Bd3+ Kh5 37. Qc7 Qe3+ 38. Kh2 Qf4+ 39. Qxf4 1-0

[Event "Arab-ch"]
[Site "Khartoum"]
[Date "2023.03.03"]
[Round "7"]
[White "Issa, Rafat"]
[Black "Elgabry, Mohsen"]
[Result "0-1"]
[WhiteElo "2336"]
[BlackElo "2255"]
[PlyCount "112"]
[EventDate "2023.02.26"]
[EventType "swiss"]
[EventRounds "9"]
[EventCountry "SUD"]
[SourceTitle "CBM 213 Extra"]
[Source "ChessBase"]
[SourceDate "2023.05.31"]
[SourceVersion "1"]
[SourceVersionDate "2023.05.31"]
[SourceQuality "1"]

1. e4 g6 2. d4 Bg7 3. Nc3 d6 4. Nf3 a6 5. a4 b6 6. Bc4 e6 7. Bg5 Ne7 8. Qd2 h6 9. Be3 Bb7 10. 0-0 Nd7 11. Rfe1 Nf6 12. d5 e5 13. h3 Nd7 14. Nh2 g5 15. Be2 0-0 16. h4 f5 17. exf5 Nxf5 18. hxg5 Nxe3 19. Qxe3 Qxg5 20. Qxg5 hxg5 21. Bg4 Nf6 22. Be6+ Kh7 23. Rad1 Rae8 24. Nf1 Kg6 25. Ng3 Rxe6 26. dxe6 Re8 27. a5 b5 28. Nge4 Nxe4 29. Nxe4 Rxe6 30. b3 Bf8 31. c4 b4 32. Rd3 Be7 33. Rh3 Kg7 34. Rg3 Rg6 35. Rd3 Kf7 36. f3 g4 37. Kf2 gxf3 38. Rxf3+ Ke6 39. Rfe3 Bxe4 40. Rxe4 Bf6 41. Rh1 c6 42. Rh7 Bg7 43. g4 Kf6 44. Kf3 Ke6 45. Kf2 Kf6 46. c5 d5 47. Rxb4 Bf8 48. Rbb7 Bxc5+ 49. Kg3 e4 50. b4 Bd6+ 51. Kf2 d4 52. b5 cxb5 53. Rhd7 Ke5 54. Rb6 d3 55. Re7+ Bxe7 56. Rxg6 Bc5+ 0-1

[Event "Arab-ch"]
[Site "Khartoum"]
[Date "2023.02.27"]
[Round "3"]
[White "Issa, Rafat"]
[Black "Koniahli, Malek"]
[Result "1/2-1/2"]
[WhiteElo "2336"]
[BlackElo "2254"]
[PlyCount "169"]
[EventDate "2023.02.26"]
[EventType "swiss"]
[EventRounds "9"]
[EventCountry "SUD"]
[SourceTitle "CBM 213 Extra"]
[Source "ChessBase"]
[SourceDate "2023.05.31"]
[SourceVersion "1"]
[SourceVersionDate "2023.05.31"]
[SourceQuality "1"]

1. c4 c6 2. d4 d5 3. e3 Nf6 4. Nc3 a6 5. Nf3 Bf5 6. c5 Nbd7 7. Be2 h6 8. 0-0 Bh7 9. Ne5 Nxe5 10. dxe5 Nd7 11. e6 fxe6 12. Bh5+ g6 13. Bg4 Bg7 14. Na4 Bg8 15. Qc2 Bf7 16. Bxe6 Bxe6 17. Qxg6+ Bf7 18. Qxg7 Rg8 19. Qxh6 Qa5 20. b3 0-0-0 21. Bb2 Rg6 22. Qf4 Be6 23. Bc3 Qb5 24. Nb6+ Nxb6 25. cxb6 Qxb6 26. Bd4 Qb5 27. Qh4 Rdg8 28. g3 Kd7 29. f3 c5 30. Be5 Qd3 31. Qf4 Ke8 32. Rae1 Rf8 33. Qa4+ Bd7 34. Qh4 Qf5 35. Bc7 Bb5 36. Rf2 Qe6 37. Qh5 Rf5 38. Qh8+ Rg8 39. Qh3 Bd7 40. g4 Qf6 41. Bg3 Rxf3 42. Qh5+ Kd8 43. Qxd5 Rxf2 44. Qxg8+ Qf8 45. Qd5 Qf3 46. Qg8+ Qf8 47. Qxf8+ Rxf8 48. g5 Bh3 49. Rd1+ Ke8 50. Bf4 Kf7 51. Kf2 Kg6 52. Kg3 Be6 53. Rc1 Rc8 54. h4 b5 55. h5+ Kxh5 56. Rh1+ Kg6 57. Rh6+ Kf7 58. Rh7+ Ke8 59. g6 Kd7 60. Bg5 Rg8 61. Rxe7+ Kd6 62. g7 c4 63. bxc4 bxc4 64. Ra7 c3 65. Rxa6+ Ke5 66. Ra5+ Ke4 67. Bf6 c2 68. Rc5 Kd3 69. Bb2 Rb8 70. Ba3 Bxa2 71. e4 Bg8 72. Kg4 Ra8 73. Bc1 Ra1 74. Bf4 Rg1+ 75. Kf3 Rxg7 76. Rg5 Rf7 77. Rg1 Bh7 78. e5 Be4+ 79. Kg3 Ke2 80. Bg5 Rf3+ 81. Kh4 Bf5 82. Bc1 Kf2 83. Rg7 Ke2 84. Rg2+ Kd3 85. Rg3 1/2-1/2

[Event "Budapest Vezerkepzo IM 12"]
[Site "Budapest"]
[Date "2022.12.17"]
[Round "4"]
[White "Neverov, Valeriy"]
[Black "Issa, Rafat"]
[Result "0-1"]
[WhiteElo "2393"]
[BlackElo "2325"]
[PlyCount "84"]
[EventDate "2022.12.14"]
[EventType "tourn"]
[EventRounds "9"]
[EventCountry "HUN"]
[SourceTitle "CBM 211 Extra"]
[Source "ChessBase"]
[SourceDate "2023.01.31"]
[SourceVersion "1"]
[SourceVersionDate "2023.01.31"]
[SourceQuality "1"]

1. d4 Nf6 2. c4 g6 3. Nc3 Bg7 4. e4 d6 5. Nge2 0-0 6. Ng3 e5 7. d5 a5 8. Bd3 Na6 9. 0-0 h5 10. Bg5 Qe8 11. h3 Bd7 12. Qd2 Nh7 13. Be3 Qe7 14. Bc2 Qh4 15. Nce2 Nc5 16. Rab1 b5 17. cxb5 Bxb5 18. Rbc1 Qe7 19. Bxc5 dxc5 20. Bd3 Bxd3 21. Qxd3 h4 22. Nh1 Bh6 23. Rc2 Nf6 24. f3 Nh5 25. Nf2 Rab8 26. Ng4 Bg5 27. Qc3 f6 28. Rb1 Rf7 29. Kf1 Qd6 30. Qxc5 f5 31. Nf2 Ng3+ 32. Ke1 Qxc5 33. Rxc5 fxe4 34. Nxg3 exf3 35. Rc6 hxg3 36. Rxg6+ Rg7 37. Rxg7+ Kxg7 38. h4 gxf2+ 39. Kxf2 Bxh4+ 40. Kxf3 Be7 41. Ke4 Bd6 42. g3 Kg6 0-1

[Event "Budapest Vezerkepzo IM 12"]
[Site "Budapest"]
[Date "2022.12.15"]
[Round "2"]
[White "Matyassy, Lazar"]
[Black "Issa, Rafat"]
[Result "1/2-1/2"]
[WhiteElo "2249"]
[BlackElo "2325"]
[PlyCount "69"]
[EventDate "2022.12.14"]
[EventType "tourn"]
[EventRounds "9"]
[EventCountry "HUN"]
[SourceTitle "CBM 211 Extra"]
[Source "ChessBase"]
[SourceDate "2023.01.31"]
[SourceVersion "1"]
[SourceVersionDate "2023.01.31"]
[SourceQuality "1"]

1. e4 c6 2. d4 d5 3. e5 c5 4. dxc5 e6 5. Be3 Qc7 6. Nf3 Bxc5 7. Bxc5 Qxc5 8. Bd3 Ne7 9. 0-0 Nbc6 10. c3 Ng6 11. Bxg6 fxg6 12. Nbd2 0-0 13. Rc1 Qe7 14. c4 g5 15. h3 Rf5 16. Re1 h5 17. Nf1 g4 18. hxg4 hxg4 19. Nd4 Rf4 20. Ne2 Rxc4 21. Rxc4 dxc4 22. Nc3 Bd7 23. Qxg4 Qc5 24. Nd2 Nxe5 25. Qg5 Nd3 26. Qxc5 Nxc5 27. Nxc4 Rc8 28. Ne5 Be8 29. Re3 Rd8 30. b4 Na4 31. Nxa4 Rd1+ 32. Kh2 Bxa4 33. Ra3 b5 34. Rd3 Re1 35. Re3 1/2-1/2

[Event "Budapest Vezerkepzo IM 12"]
[Site "Budapest"]
[Date "2022.12.14"]
[Round "1"]
[White "Issa, Rafat"]
[Black "Szalay Ocsak, Bank"]
[Result "1/2-1/2"]
[WhiteElo "2325"]
[BlackElo "2138"]
[PlyCount "68"]
[EventDate "2022.12.14"]
[EventType "tourn"]
[EventRounds "9"]
[EventCountry "HUN"]
[SourceTitle "CBM 211 Extra"]
[Source "ChessBase"]
[SourceDate "2023.01.31"]
[SourceVersion "1"]
[SourceVersionDate "2023.01.31"]
[SourceQuality "1"]

1. Nf3 Nf6 2. c4 c5 3. g3 Nc6 4. d4 cxd4 5. Nxd4 g6 6. Bg2 Bg7 7. Nc3 0-0 8. 0-0 Qa5 9. Nc2 d6 10. e4 Bg4 11. f3 Bd7 12. Rf2 Ne5 13. Ne3 Rac8 14. Bf1 Rfe8 15. Bd2 Qc5 16. Rc1 h5 17. h3 Nc6 18. f4 Nd4 19. a3 a5 20. Bg2 e5 21. f5 b6 22. b4 axb4 23. axb4 Qc6 24. Ncd5 Nxd5 25. Nxd5 Ra8 26. g4 hxg4 27. Bg5 g3 28. Rd2 Qa4 29. Qf1 gxf5 30. exf5 Qa3 31. Rc3 Qa1 32. Rc1 Qa3 33. Rd3 Qb2 34. Rd2 Qa3 1/2-1/2

[Event "Arab-ch"]
[Site "Dubai"]
[Date "2021.11.30"]
[Round "7"]
[White "Saim, Mohamed Ilias"]
[Black "Issa, Rafat"]
[Result "0-1"]
[WhiteElo "2176"]
[BlackElo "2342"]
[PlyCount "78"]
[EventDate "2021.11.26"]
[EventType "swiss"]
[EventRounds "9"]
[EventCountry "UAE"]
[SourceTitle "CBM 205 Extra"]
[Source "ChessBase"]
[SourceDate "2022.01.31"]
[SourceVersion "1"]
[SourceVersionDate "2022.01.31"]
[SourceQuality "1"]

1. e4 e6 2. d3 d5 3. Nd2 Nf6 4. Ngf3 Be7 5. g3 c5 6. Bg2 Nc6 7. 0-0 0-0 8. Re1 b5 9. e5 Nd7 10. Nf1 a5 11. h4 a4 12. a3 b4 13. N1h2 Qc7 14. Bf4 Nd4 15. Nxd4 cxd4 16. Nf3 Qb6 17. Ng5 h6 18. Nh3 bxa3 19. bxa3 f5 20. Qh5 Rf7 21. Bxd5 Ra5 22. Bg2 Nf8 23. Qe2 Rc5 24. c4 dxc3 25. Be3 Qa5 26. d4 Ba6 27. Qc2 Rb5 28. Bc6 Rb3 29. Reb1 Bb5 30. d5 Bxc6 31. dxc6 Rxb1+ 32. Qxb1 Bc5 33. Bxc5 Qxc5 34. Qb4 Qxc6 35. Rc1 c2 36. Nf4 Rd7 37. Qe1 Qf3 38. Ne2 Qb3 39. Nc3 Rd3 0-1

[Event "Arab-ch"]
[Site "Dubai"]
[Date "2021.11.29"]
[Round "6"]
[White "Issa, Rafat"]
[Black "Koniahli, Malek"]
[Result "0-1"]
[WhiteElo "2342"]
[BlackElo "2255"]
[PlyCount "220"]
[EventDate "2021.11.26"]
[EventType "swiss"]
[EventRounds "9"]
[EventCountry "UAE"]
[SourceTitle "CBM 205 Extra"]
[Source "ChessBase"]
[SourceDate "2022.01.31"]
[SourceVersion "1"]
[SourceVersionDate "2022.01.31"]
[SourceQuality "1"]

1. d4 Nf6 2. c4 g6 3. Nc3 Bg7 4. e4 d6 5. Be2 0-0 6. Be3 e5 7. d5 Na6 8. g4 Nc5 9. f3 a5 10. h4 c6 11. h5 cxd5 12. cxd5 a4 13. Qd2 Qa5 14. hxg6 fxg6 15. Nh3 Bd7 16. Ng5 Rac8 17. Rb1 h6 18. Nh3 g5 19. Nf2 Ra8 20. Kf1 Rfc8 21. Kg2 Nh7 22. Rh2 b5 23. Rbh1 b4 24. Nb1 Nb7 25. Nd3 b3 26. axb3 axb3 27. Nc3 Qd8 28. Nb4 Na5 29. Nc6 Qf6 30. Ra1 Nc4 31. Rxa8 Nxe3+ 32. Qxe3 Rxa8 33. Qb6 Nf8 34. Qxb3 Kh7 35. Qb7 Ra1 36. Rh1 Rxh1 37. Kxh1 Qf4 38. Ne7 Qg3 39. Nf5 Qe1+ 40. Kh2 Qf2+ 41. Kh1 Qe1+ 42. Kh2 Qf2+ 43. Kh1 Kg8 44. Qa8 Bxf5 45. gxf5 Bf6 46. Qa1 Bd8 47. Qg1 Qh4+ 48. Kg2 Ba5 49. Qh1 Qxh1+ 50. Kxh1 Bxc3 51. bxc3 Kf7 52. Bb5 Ke7 53. Kg2 Nh7 54. Kg3 Nf6 55. Ba4 Kd8 56. c4 Kc7 57. Kf2 Kb6 58. Ke3 Kc5 59. Kd3 Kb4 60. Bd1 h5 61. Be2 h4 62. Bf1 Nh5 63. Kc2 Nf6 64. Kb2 Nd7 65. Kc2 Nf6 66. Kb2 Nh5 67. Kc2 Nf6 68. Kb2 Kc5 69. Kc3 Nd7 70. Bh3 Nf6 71. Bg2 Nh5 72. Bf1 Nf6 73. Bh3 g4 74. Bxg4 Nxg4 75. fxg4 h3 76. f6 h2 77. f7 h1Q 78. f8Q Qc1+ 79. Kd3 Qxc4+ 80. Ke3 Qd4+ 81. Kf3 Qd3+ 82. Kf2 Qxe4 83. Kg3 Qe1+ 84. Kh3 e4 85. Qc8+ Kd4 86. g5 Qh1+ 87. Kg4 e3 88. Qe6 Qe4+ 89. Kg3 Qh1 90. Qf6+ Kd3 91. Qxd6 Qg1+ 92. Kf3 Qd1+ 93. Kf4 Qa4+ 94. Kf3 Qd1+ 95. Kf4 Qf1+ 96. Ke5 Qa1+ 97. Ke6 e2 98. Qg3+ Kc2 99. Qf2 Qf1 100. Qc5+ Kd3 101. Qa3+ Ke4 102. Qb4+ Kf3 103. Qc3+ Kg2 104. Qc2 Qf2 105. Qe4+ Kh2 106. Qe5+ Kg1 107. d6 e1Q 108. d7 Qb6+ 109. Kf5 Qeb1+ 110. Kg4 Q6b4+ 0-1

[Event "Arab-ch"]
[Site "Dubai"]
[Date "2021.11.26"]
[Round "1"]
[White "Ayyad, Maher"]
[Black "Issa, Rafat"]
[Result "1/2-1/2"]
[WhiteElo "2064"]
[BlackElo "2342"]
[PlyCount "146"]
[EventDate "2021.11.26"]
[EventType "swiss"]
[EventRounds "9"]
[EventCountry "UAE"]
[SourceTitle "CBM 205 Extra"]
[Source "ChessBase"]
[SourceDate "2022.01.31"]
[SourceVersion "1"]
[SourceVersionDate "2022.01.31"]
[SourceQuality "1"]

1. d4 Nf6 2. Nf3 d6 3. g3 g6 4. Bg2 Bg7 5. 0-0 0-0 6. c4 Nbd7 7. Nc3 e5 8. e4 c6 9. Qc2 Re8 10. Rd1 Qc7 11. h3 Nf8 12. Be3 Ne6 13. d5 Nd8 14. dxc6 bxc6 15. c5 dxc5 16. Na4 Nd7 17. Nxc5 Nxc5 18. Bxc5 f6 19. Rac1 Bh6 20. Rb1 Nb7 21. Bb4 Be6 22. b3 Rac8 23. Bd2 Bf8 24. Be3 Nd6 25. Bc5 Red8 26. Bf1 Qf7 27. Rbc1 Qb7 28. Bxd6 Rxd6 29. Rxd6 Bxd6 30. Bc4 Qf7 31. Bxe6 Qxe6 32. Qc4 Qxc4 33. Rxc4 Kf7 34. Kf1 Ke6 35. Ke2 Kd7 36. Ne1 Bc7 37. Nd3 Bb6 38. f4 exf4 39. gxf4 Kd6 40. Kf3 Rc7 41. h4 a5 42. e5+ fxe5 43. fxe5+ Kd5 44. Re4 c5 45. Nf4+ Kc6 46. Kg4 Re7 47. h5 gxh5+ 48. Nxh5 a4 49. Kf5 axb3 50. axb3 Bd8 51. Re3 Kb5 52. Re4 Ra7 53. e6 Ra3 54. Re3 Kb4 55. Rd3 Ra8 56. Nf6 h6 57. Nd5+ Ka5 58. Rc3 Kb5 59. e7 Bxe7 60. Nxe7 Ra1 61. Nd5 Rf1+ 62. Ke5 Rg1 63. Ne3 h5 64. Kd6 Rg6+ 65. Kd5 Rg5+ 66. Ke4 h4 67. Kf3 h3 68. Ng4 Kb4 69. Re3 Rg8 70. Kf4 Rh8 71. Kg3 Ka3 72. Kh2 Rb8 73. Kxh3 Rxb3 1/2-1/2

[Event "Budapest Vezerkepzo IM 11th"]
[Site "Budapest"]
[Date "2021.11.04"]
[Round "9"]
[White "Issa, Rafat"]
[Black "Graif, William"]
[Result "0-1"]
[WhiteElo "2357"]
[BlackElo "2216"]
[PlyCount "120"]
[EventDate "2021.10.26"]
[EventType "tourn"]
[EventRounds "9"]
[EventCountry "HUN"]
[EventCategory "1"]
[SourceTitle "EXT 2023"]
[Source "ChessBase"]
[SourceDate "2022.10.05"]
[SourceVersion "1"]
[SourceVersionDate "2022.10.05"]
[SourceQuality "1"]

1. e4 c5 2. Nf3 Nc6 3. Bb5 g6 4. 0-0 Bg7 5. c3 Nf6 6. Re1 0-0 7. d4 d5 8. exd5 Qxd5 9. c4 Qd6 10. Bxc6 bxc6 11. Nc3 Be6 12. dxc5 Qxc5 13. b3 Ng4 14. Ne4 Qb6 15. Rb1 Bf5 16. Qc2 Nf6 17. Nfg5 Kh8 18. Be3 Qc7 19. f3 h6 20. g4 Bd7 21. Nxf6 exf6 22. Nh3 h5 23. Qg2 hxg4 24. fxg4 Rfe8 25. Nf2 f5 26. gxf5 Bxf5 27. Rbd1 Re6 28. Qf3 Rae8 29. Bd2 Rxe1+ 30. Rxe1 Rxe1+ 31. Bxe1 Qe5 32. Kf1 Qxh2 33. Qxc6 Qf4 34. Kg2 Qe3 35. Kf1 Bd4 36. Qd5 Kg7 37. Kg2 Qg5+ 38. Kf1 Qf4 39. Ke2 g5 40. Qf3 Qxf3+ 41. Kxf3 Bb1 42. a3 Bb2 43. c5 Bxa3 44. Bc3+ Kg6 45. Bd4 Ba2 46. c6 Bxb3 47. c7 Bd5+ 48. Ke3 Bb7 49. Bxa7 Bd6 50. Bb6 f5 51. Nd3 f4+ 52. Kf2 g4 53. Nc5 g3+ 54. Kg1 Bxc5+ 55. Bxc5 Kf5 56. Ba7 f3 57. Bc5 Ke4 58. Kf1 Ba6+ 59. Ke1 Kf4 60. Bd6+ Kg4 0-1

[Event "Budapest FS05 GM"]
[Site "Budapest"]
[Date "2021.05.07"]
[Round "6"]
[White "Seemann, Jakub"]
[Black "Issa, Rafat"]
[Result "1/2-1/2"]
[WhiteElo "2288"]
[BlackElo "2354"]
[PlyCount "114"]
[EventDate "2021.05.01"]
[EventType "tourn"]
[EventRounds "9"]
[EventCountry "HUN"]
[EventCategory "6"]
[SourceTitle "CBM 202 Extra"]
[Source "ChessBase"]
[SourceDate "2021.07.31"]
[SourceVersion "1"]
[SourceVersionDate "2021.07.31"]
[SourceQuality "1"]

1. d4 Nf6 2. c4 g6 3. g3 Bg7 4. Bg2 0-0 5. Nf3 d6 6. 0-0 c6 7. Nc3 Qa5 8. e4 e5 9. h3 Re8 10. Re1 Nbd7 11. Be3 Qc7 12. Qc2 exd4 13. Nxd4 a6 14. Rad1 Rb8 15. Nb3 c5 16. g4 b5 17. g5 Nh5 18. Nd5 Qd8 19. cxb5 axb5 20. f4 Bb7 21. e5 c4 22. Nc1 dxe5 23. Nb6 Re7 24. Qd2 Bxg2 25. Nxd7 Rxd7 26. Qxd7 Qxd7 27. Rxd7 Bxh3 28. Re7 exf4 29. Ba7 Rf8 30. R1e2 f6 31. Bc5 f3 32. Rh2 Bg4 33. a4 bxa4 34. Rc2 fxg5 35. Rxg7+ Kxg7 36. Bxf8+ Kxf8 37. Rxc4 Bd7 38. Nd3 Bb5 39. Rc8+ Ke7 40. Ne5 g4 41. Nxg4 Nf4 42. Rc7+ Bd7 43. Ne5 Kd6 44. Rxd7+ Kxe5 45. Kf2 Ke4 46. Re7+ Kd4 47. Kxf3 Nd3 48. Re4+ Kd5 49. Rxa4 Nxb2 50. Ra7 h6 51. Ra6 Nd3 52. Ra5+ Kd6 53. Ke4 Nc5+ 54. Kf4 Ne6+ 55. Ke4 Ng5+ 56. Kf4 Ne6+ 57. Ke4 Ng5+ 1/2-1/2

[Event "Budapest FS05 GM"]
[Site "Budapest"]
[Date "2021.05.02"]
[Round "2"]
[White "Issa, Rafat"]
[Black "Papp, Levente"]
[Result "0-1"]
[WhiteElo "2354"]
[BlackElo "2394"]
[PlyCount "78"]
[EventDate "2021.05.01"]
[EventType "tourn"]
[EventRounds "9"]
[EventCountry "HUN"]
[EventCategory "6"]
[SourceTitle "CBM 202 Extra"]
[Source "ChessBase"]
[SourceDate "2021.07.31"]
[SourceVersion "1"]
[SourceVersionDate "2021.07.31"]
[SourceQuality "1"]

1. d4 Nf6 2. Bf4 e6 3. Nf3 b6 4. e3 Bb7 5. Nbd2 Be7 6. h3 0-0 7. c3 d6 8. Be2 Nbd7 9. 0-0 Re8 10. Qc2 Bf8 11. Rad1 e5 12. dxe5 dxe5 13. Bh2 Qc8 14. Ng5 h6 15. Nge4 Bd5 16. Qa4 Nxe4 17. Nxe4 c6 18. Bg4 Be6 19. Bxe6 Rxe6 20. Rd2 b5 21. Qc2 Nb6 22. Rfd1 c5 23. b3 c4 24. b4 g6 25. g4 Qc6 26. Ng3 Be7 27. Nf1 a5 28. a3 axb4 29. axb4 Ra3 30. Qc1 Rb3 31. Ng3 Qf3 32. Rc2 h5 33. e4 Na4 34. Rd7 Rd6 35. Rxd6 Bxd6 36. gxh5 Nxc3 37. Qd2 Rb1+ 38. Rc1 Rxc1+ 39. Qxc1 Qxg3+ 0-1

[Event "Budapest FS05 GM"]
[Site "Budapest"]
[Date "2021.05.01"]
[Round "1"]
[White "Pacher, Milan"]
[Black "Issa, Rafat"]
[Result "0-1"]
[WhiteElo "2437"]
[BlackElo "2354"]
[PlyCount "98"]
[EventDate "2021.05.01"]
[EventType "tourn"]
[EventRounds "9"]
[EventCountry "HUN"]
[EventCategory "6"]
[SourceTitle "CBM 202 Extra"]
[Source "ChessBase"]
[SourceDate "2021.07.31"]
[SourceVersion "1"]
[SourceVersionDate "2021.07.31"]
[SourceQuality "1"]

1. d4 Nf6 2. c4 g6 3. Nc3 Bg7 4. e4 d6 5. Nf3 0-0 6. Be2 Bg4 7. Be3 Nfd7 8. 0-0 e5 9. d5 a5 10. Nd2 Bxe2 11. Qxe2 f5 12. f3 Na6 13. a3 Qh4 14. Rab1 Bh6 15. b4 Bxe3+ 16. Qxe3 axb4 17. axb4 f4 18. Qf2 Qe7 19. Rfc1 g5 20. Na4 b6 21. Nc3 h5 22. Rb3 Nac5 23. bxc5 Nxc5 24. Nb5 Nxb3 25. Nxb3 Ra4 26. Kh1 Rfa8 27. g3 Ra2 28. Rc2 Rxc2 29. Qxc2 Qf7 30. Kg2 Kg7 31. gxf4 gxf4 32. Kf1 Kh6 33. Ke2 Qg7 34. Kd3 Qg1 35. Kc3 Rg8 36. Nxc7 Rg2 37. Qc1 Qxh2 38. Nb5 Rg6 39. Qa3 Qf2 40. Qa8 Qxf3+ 41. Kb4 Rg3 42. Qa3 h4 43. Nxd6 Qc3+ 44. Ka4 Kh5 45. Nf5 Qxc4+ 46. Qb4 Qa6+ 47. Na5 Qxa5+ 48. Qxa5 bxa5 49. Nxg3+ hxg3 0-1

[Event "Kumania-ch"]
[Site "Kisujszallas"]
[Date "2020.11.28"]
[Round "10"]
[White "Bodi, Tibor"]
[Black "Issa, Rafat"]
[Result "1-0"]
[WhiteElo "2337"]
[BlackElo "2365"]
[PlyCount "79"]
[EventDate "2020.11.21"]
[EventType "tourn"]
[EventRounds "11"]
[EventCountry "HUN"]
[EventCategory "4"]
[SourceTitle "CBM 199 Extra"]
[Source "ChessBase"]
[SourceDate "2021.01.31"]
[SourceVersion "1"]
[SourceVersionDate "2021.01.31"]
[SourceQuality "1"]

1. g3 e5 2. Bg2 Nf6 3. Nf3 Nc6 4. 0-0 d5 5. d4 e4 6. Ne5 Bd6 7. Nxc6 bxc6 8. c4 0-0 9. Nc3 h6 10. Qa4 Bd7 11. Qa5 Qb8 12. c5 Be7 13. b4 a6 14. f3 exf3 15. exf3 Nh7 16. Bf4 Bd8 17. Rae1 Ng5 18. Re2 Ne6 19. Be3 Bf6 20. Rd1 Re8 21. Bf2 Qb7 22. Qa4 Re7 23. Qb3 Rae8 24. Red2 Ng5 25. a4 Nh3+ 26. Bxh3 Bxh3 27. b5 axb5 28. axb5 Kh8 29. Qa2 cxb5 30. Qxd5 c6 31. Qh5 Bd7 32. Ne4 Re6 33. Qxf7 Be7 34. d5 Re5 35. d6 Bf8 36. g4 Qc8 37. Bd4 R5e6 38. Ra1 Rxe4 39. fxe4 Rxe4 40. Rf1 1-0

[Event "Budapest Rigochess10 IM"]
[Site "Budapest"]
[Date "2020.10.23"]
[Round "8"]
[White "Issa, Rafat"]
[Black "Lyell, Mark"]
[Result "1-0"]
[WhiteElo "2367"]
[BlackElo "2282"]
[PlyCount "75"]
[EventDate "2020.10.16"]
[EventType "tourn"]
[EventRounds "9"]
[EventCountry "HUN"]
[EventCategory "1"]
[SourceTitle "EXT 2022"]
[Source "ChessBase"]
[SourceDate "2021.10.06"]
[SourceVersion "1"]
[SourceVersionDate "2021.10.06"]
[SourceQuality "1"]

1. Nf3 f5 2. g3 Nf6 3. Bg2 g6 4. 0-0 Bg7 5. d4 0-0 6. c4 d6 7. Nc3 Qe8 8. d5 Na6 9. Rb1 Bd7 10. Nd4 c6 11. dxc6 bxc6 12. b3 Nc7 13. Bb2 Rb8 14. e3 c5 15. Nde2 Bc6 16. Nd5 Bxd5 17. cxd5 Qf7 18. Nf4 Rb4 19. Bc3 Rb5 20. Qd3 Rfb8 21. a4 Rxb3 22. Bxf6 Rxd3 23. Rxb8+ Bf8 24. Bxe7 Qxe7 25. Nxd3 Na6 26. Rb5 c4 27. Nf4 Bg7 28. Ne6 c3 29. Rfb1 Qd7 30. Bf1 Qc8 31. Rb7 Qxb7 32. Rxb7 c2 33. Rxg7+ Kh8 34. Rxa7 h5 35. Ra8+ Kh7 36. Rc8 Nc5 37. Rxc5 dxc5 38. d6 1-0

[Event "Budapest Rigochess10 IM"]
[Site "Budapest"]
[Date "2020.10.20"]
[Round "5"]
[White "Gombocz, Ferenc Jr"]
[Black "Issa, Rafat"]
[Result "1-0"]
[WhiteElo "2265"]
[BlackElo "2367"]
[PlyCount "109"]
[EventDate "2020.10.16"]
[EventType "tourn"]
[EventRounds "9"]
[EventCountry "HUN"]
[EventCategory "1"]
[SourceTitle "EXT 2022"]
[Source "ChessBase"]
[SourceDate "2021.10.06"]
[SourceVersion "1"]
[SourceVersionDate "2021.10.06"]
[SourceQuality "1"]

1. c4 g6 2. g3 Bg7 3. Bg2 e5 4. Nc3 Ne7 5. d3 0-0 6. e4 d6 7. Nge2 Bg4 8. h3 Be6 9. 0-0 Qd7 10. Kh2 c5 11. a3 Nbc6 12. Rb1 f5 13. Nd5 fxe4 14. dxe4 Nd4 15. Nxd4 exd4 16. g4 Bxd5 17. exd5 b5 18. b3 Rab8 19. Ra1 Rf7 20. f4 Rbf8 21. Ra2 bxc4 22. bxc4 Nc8 23. Kh1 Nb6 24. Qd3 Qa4 25. Rc2 Nd7 26. h4 Be5 27. Rcf2 Nb6 28. Qg3 Bg7 29. h5 Qxc4 30. hxg6 hxg6 31. Be4 Rf6 32. f5 gxf5 33. gxf5 Kf7 34. Bg5 Rh8+ 35. Kg1 Rg8 36. Bf3 Bh6 37. Bh5+ Kf8 38. Bxh6+ Rxh6 39. Bg6 Qxd5 40. Rg2 Qe5 41. Re1 Qxg3 42. Rxg3 Rhxg6 43. fxg6 c4 44. Re6 d5 45. Rf3+ Kg7 46. Rh3 Rf8 47. Rh7+ Kg8 48. Rxa7 d3 49. Rxb6 d2 50. Rb1 Rc8 51. g7 c3 52. Kf2 Kh7 53. Rh1+ Kg6 54. Ke2 d4 55. Rg1+ 1-0